Sunflowers, magnolia trees & other flowering plants / (Record no. 19359)

000 -LEADER
fixed length control field 00922cam a2200229 a 4500
020 ## - INTERNATIONAL STANDARD BOOK NUMBER
ISBN 9780756542221
020 ## - INTERNATIONAL STANDARD BOOK NUMBER
ISBN 0756542227
040 ## - CATALOGING SOURCE
Transcribing agency DLC
082 00 - DEWEY DECIMAL CLASSIFICATION NUMBER
Classification number 582 RAN 1983 C166 Or.
082 14 - DEWEY DECIMAL CLASSIFICATION NUMBER
Classification number 582.13
100 1# - MAIN ENTRY--AUTHOR NAME
Personal name Parker, Steve,
245 10 - TITLE STATEMENT
Title Sunflowers, magnolia trees & other flowering plants /
246 3# - VARYING FORM OF TITLE
Title proper/short title Sunflowers, magnolia trees and other flowering plants
246 30 - VARYING FORM OF TITLE
Title proper/short title Flowering plants
300 ## - PHYSICAL DESCRIPTION
Number of Pages 48 pages :
Other physical details color illustrations ;
Dimensions 29 cm.
490 1# - SERIES STATEMENT
Series statement Kingdom classification
520 ## - SUMMARY, ETC.
Summary, etc This book introduces you to a well known group of plants, from bright sunflowers to beautiful magnolia trees. It explores the history of flowering plants and examines the way flowering plants reproduce and obtain energy. It also looks at the various uses for flowering plants, including decoration and agriculture.
650 #0 - SUBJECT ADDED ENTRY--TOPICAL TERM
Topical Term Angiosperms
650 #0 - SUBJECT ADDED ENTRY--TOPICAL TERM
Topical Term Flowers
650 #0 - SUBJECT ADDED ENTRY--TOPICAL TERM
Topical Term Plants
942 ## - ADDED ENTRY ELEMENTS (KOHA)
Koha item type ADB
952 ## - LOCATION AND ITEM INFORMATION (KOHA)
Withdrawn status [LOCAL, KOHA] 0
Holdings
Source of acquisition Permanent Location Date acquired Koha item type Lost status Shelving location Current Location Full call number
A36941Library Block C2020-09-29សៀវភៅភាសាអង់គ្លេស C166Library Block C582 RAN 1983 C166 Or.
មជ្ឈមណ្ឌលឯការនៃសាកលវិទ្យាល័យភូមិន្ទកសិកម្មចំការដូង

Powered by Koha